Historische Kommission bei der Bayerischen Akademie der Wissenschaften, 1858-1983
Sparad:
| Materialtyp: | Bok |
|---|---|
| Språk: | tyska |
| Publicerad: |
Múnich
Historische Kommission bei der Bayerischen Akademie
1984
|
| Upplaga: | 1a. ed |
| Ämnen: | |
| Taggar: |
Lägg till en tagg
Inga taggar, Lägg till första taggen!
|
MARC
| LEADER | 00000cam a2200000 a 4500 | ||
|---|---|---|---|
| 001 | UCD4467 | ||
| 003 | CL-VaPUC | ||
| 008 | 160708e19840000gw |||||||||||||||||ger|d | ||
| 082 | 0 | 4 | |a 943 |b HIS |2 21 |
| 245 | 1 | 0 | |a Historische Kommission bei der Bayerischen Akademie der Wissenschaften, 1858-1983 |
| 250 | |a 1a. ed | ||
| 300 | |a 150 p | ||
| 942 | |c BK | ||
| 945 | |d 20160708 23:22:00 |a arojas | ||
| 260 | |a Múnich |b Historische Kommission bei der Bayerischen Akademie |c 1984 | ||
| 650 | 0 | |a Enseñanza de la historia |9 307330 | |
| 650 | 0 | |a Historiografía |9 257871 | |
| 651 | 0 | |a Alemania |9 255688 | |
| 583 | |a last modification |c 20160708 23:22:00 |k Rodrigo Vera | ||
| 999 | |c 365365 |d 365363 | ||
| 952 | |0 0 |1 0 |3 erb |4 0 |6 943_000000000000000_HIS_1984 |7 0 |8 A |9 479182 |a FDOHBE |b FDOHBE |e Huesbe Llanos, Marco Antonio, 1934- |i 5332419 |o 943 HIS 1984 |p 5332419 |r 2024-01-30 |w 2019-11-24 |y BK |z Catalogado en:20160708 |k HBE | ||